000 00486nam a2200205Ia 4500
005 20240823025603.0
008 240823s9999||||xx |||||||||||||| ||und||
020 _a978-0-471-74304-0
041 _aENGLISH
082 _A616.0754 P7
100 _aLihong V Wang
245 0 _aBiomedical Opt
250 _a1st
260 _c2007
_bWiley India Pv
_aNew Delhi
500 _aYES
650 _aBiomedical
_bBio Medical Engg.
700 _a Hsin I Wu
942 _cBK
999 _c186673
_d186673